000 00803nam a2200253Ia 4500
003 OSt
005 20220926014002.0
006 a|||||r|||| 00| 0
007 ta
008 220923b |||||||| |||| 00| 0 eng d
037 _cGeneral Book
040 _aRTL
_cRTL
_beng
041 _2eng
_aeng
082 _aU672(JB).192.N8, M2
100 _aHallsworth E G Ed.
_9319433
245 0 _aSocio economic effects and constraints in tropical Forest Management
260 _aNew York
_bJohn Wiley&Sons U S A
_c1982
300 _axi, 233p.
_ccm.
490 _aInternational Federation of Institutes for Advanced study
500 _aBib chapterwise
650 _aAgricultural Geography
942 _hU672(JB).192.N8, M2
_cGB
_2CC
999 _c627395
_d627395